| 000 | 00391nam a2200145 4500 | ||
|---|---|---|---|
| 001 | 5565 | ||
| 005 | 20181127175756.0 | ||
| 020 | 0 | 0 | _a9788183520782 |
| 090 | 0 | 0 | _aFIC V126c |
| 100 | 0 | 0 | _aVageria, Arpit, 1988- |
| 245 | 0 | 0 |
_aChockolate sauce : _bsmooth, dark, sinful / _cArpit Vageria. _h |
| 260 | 0 | 0 |
_aNew Delhi : _bMahaveer Publisher, _c2013. |
| 300 | 0 | 0 | _a267 p. ;25 cm |
| 650 | 0 | 0 |
_aRomance fiction. _x |
| 999 |
_c4686 _d4686 |
||